Vista normal Vista MARC

Entrada Topical Term

Número de registros utilizados en: 1

001 - CONTROL NUMBER

  • control field: 2369

003 - CONTROL NUMBER IDENTIFIER

  • control field: OSt

005 - DATE AND TIME OF LATEST TRANSACTION

  • control field: 20200401122326.0

008 - FIXED-LENGTH DATA ELEMENTS

  • fixed length control field: 200401|| aca||aabn | a|a d

040 ## - CATALOGING SOURCE

  • Original cataloging agency: OSt
  • Transcribing agency: OSt

150 ## - HEADING--TOPICAL TERM

  • Topical term or geographic name entry element: Filosofía

670 ## - SOURCE DATA FOUND

  • Source citation: Work cat.: (OSt)4933: Hegel, Georg Wilhelm Friedrich, autor 2368, Lecciones sobre historia de la filosofía I /, 1955